[Event "Challenge"]
[Site "http://www.queenalice.com/game.php?id=898361"]
[Date "2011.2.10"]
[Round "-"]
[White "Koitim"]
[Black "fleuryjunior"]
[Result "1-0"]
[WhiteElo "1500"]
[BlackElo "1570"]

1. e4 e5 2. Nf3 Nc6 3. Bc4 Nh6 4. d3 Bc5 5. O-O d6 6. h3 Nd4 7. Nbd2 g5 8. Nxd4
Bxd4 9. Nf3 g4 10. Bxh6 gxf3 11. Qxf3 Be6 12. Bxe6 fxe6 13. Qh5+ Kd7 14. Qf7+
Kc8 15. Qxe6+ Kb8 16. c3 Bb6 17. Kh2 a6 18. Be3 Rg8 19. Bxb6 cxb6 20. Qh6 Qg5
21. Qxg5 Rxg5 22. f4 exf4 23. Rxf4 Ka7 24. Raf1 Rag8 25. g4 h5 26. Rg1 hxg4 27.
Rgxg4 d5 28. exd5 Rxd5 29. Rxg8 Rxd3 30. Rf2 b5 31. h4 a5 32. Rg3 Rd6 33. h5 Ka6
34. Rg6 Rb6 35. Rxb6+ Kxb6 36. h6 b4 37. cxb4 axb4 38. h7 Ka5 39. h8=Q b5 40.
Rf6 b3 41. Qa8+ Kb4 42. a3+ Kc4 43. Qe4+ Kc5 44. Rc6# 1-0

[Event "Challenge"]
[Site "http://www.queenalice.com/game.php?id=907028"]
[Date "2011.3.1"]
[Round "-"]
[White "tiorronaa"]
[Black "Koitim"]
[Result "1-0"]
[WhiteElo "1736"]
[BlackElo "1838"]

1. e4 e5 2. Nf3 Nc6 3. Bb5 a6 4. Bxc6 dxc6 5. Nxe5 Qe7 6. d4 f6 7. Qh5+ g6 8.
Nxg6 Qxe4+ 9. Qe2 Qxe2+ 10. Kxe2 hxg6 11. h3 Bf5 12. c3 O-O-O 13. Re1 Re8+ 14.
Be3 Bxb1 15. Raxb1 Bd6 16. Kf1 Ne7 17. c4 Nf5 18. c5 Nxe3+ 19. fxe3 Bg3 20. Re2
Re4 21. b4 Rhe8 22. Rb3 f5 23. a4 f4 24. b5 cxb5 25. axb5 axb5 26. Rxb5 Rxe3 27.
Rxe3 fxe3 28. Ke2 g5 29. Rb3 c6 30. Ra3 Bf2 31. Ra8+ Kd7 32. Ra7 Kc7 33. Ra2 Rd8
34. Ra4 Re8 35. Ra3 Re4 36. Ra4 g4 37. hxg4 Rxg4 38. Kf1 Bh4 39. Rb4 Bf6 40. Rc4
Rxd4 41. Rxd4 Bxd4 42. Ke2 1-0

[Event "Challenge"]
[Site "http://www.queenalice.com/game.php?id=907189"]
[Date "2011.3.1"]
[Round "-"]
[White "montelo"]
[Black "Koitim"]
[Result "0-1"]
[WhiteElo "2177"]
[BlackElo "1703"]

1. e4 e5 2. Nf3 Nc6 3. Bb5 a6 4. Bxc6 dxc6 5. Nxe5 Qe7 6. d4 f6 7. Qh5+ g6 8.
Nxg6 Qxe4+ 9. Be3 Qxg6 10. Qxg6+ hxg6 11. O-O Bd7 12. Re1 O-O-O 13. c3 Bd6 14.
h3 Ne7 15. Nd2 Nf5 16. Ne4 Nxe3 17. Rxe3 f5 18. Ng5 Rde8 19. Nf7 Rhf8 20. Rxe8+
Rxe8 21. Kf1 Rf8 22. Ng5 Be7 23. Nf3 Bf6 24. b3 Re8 25. Rd1 b6 26. a4 Be6 27. c4
Bf7 28. d5 cxd5 29. cxd5 Rd8 30. d6 Bxb3 31. d7+ Rxd7 32. Rxd7 Kxd7 33. Ke2 Bxa4
34. Kd2 Bc6 35. Ne1 Kd6 36. Kc2 Bd5 37. g3 a5 38. Nd3 Be4 39. f4 Bxd3+ 40. Kxd3
b5 41. Kc2 b4 42. Kb3 c5 43. h4 Kd5 44. h5 gxh5 45. g4 hxg4 46. Ka4 g3 47. Kb3
g2 48. Ka4 g1=Q 49. Kxa5 Qa1+ 50. Kb6 Bd8+ 51. Kb7 Qa5 52. Kb8 Qb6+ 53. Ka8 Qb5
54. Ka7 Kc6 55. Ka8 Qb7# 0-1

[Event "Challenge"]
[Site "http://www.queenalice.com/game.php?id=907190"]
[Date "2011.3.1"]
[Round "-"]
[White "Koitim"]
[Black "montelo"]
[Result "1-0"]
[WhiteElo "1703"]
[BlackElo "2186"]

1. e4 e5 2. Nf3 Nc6 3. Bc4 f6 4. d4 Na5 5. Bxg8 Rxg8 6. dxe5 Bc5 7. Qd5 Rf8 8.
Qxc5 Nc6 9. exf6 Rxf6 10. Bg5 Qe7 11. Qxe7+ Nxe7 12. Bxf6 gxf6 13. Nc3 b6 14.
O-O-O Bb7 15. Nh4 O-O-O 16. f3 a5 17. Nb5 Nc6 18. Nf5 Ba6 19. Nfd4 Nb4 20. a3
Nc6 21. Nxc6 dxc6 22. Rxd8+ Kxd8 23. Rd1+ Kc8 24. Nd4 c5 25. Nf5 Be2 26. Rd2 Bf1
27. g3 Bh3 28. Kd1 Kb7 29. Ke1 Kc8 30. g4 h5 31. Ne3 hxg4 32. fxg4 b5 33. Kf2 b4
34. a4 Kb7 35. Kg3 1-0

[Event "Challenge"]
[Site "http://www.queenalice.com/game.php?id=907191"]
[Date "2011.3.1"]
[Round "-"]
[White "Pagu"]
[Black "Koitim"]
[Result "0-1"]
[WhiteElo "1787"]
[BlackElo "1742"]

1. d4 Nf6 2. c4 g6 3. Nc3 Bg7 4. e4 d6 5. Bd3 e5 6. d5 c5 7. Nge2 O-O 8. Bd2 a6
9. f4 Nbd7 10. f5 b6 11. Ng3 Qe7 12. Qc2 Bb7 13. h3 Rab8 14. O-O-O Ne8 0-1

[Event "Challenge"]
[Site "http://www.queenalice.com/game.php?id=913053"]
[Date "2011.3.15"]
[Round "-"]
[White "Koitim"]
[Black "Pepe_chaves"]
[Result "1-0"]
[WhiteElo "1706"]
[BlackElo "1707"]

1. e4 e5 2. Nf3 Nc6 3. Bc4 h6 4. Nc3 Nf6 5. d3 Bb4 6. O-O d6 7. a3 Bc5 8. Be3
Bxe3 9. fxe3 Ng4 10. Qe2 O-O 11. Nd5 Be6 12. h3 Nf6 13. Nxf6+ Qxf6 14. Nd4 Qg6
15. Bxe6 exd4 16. Bd5 Rae8 17. Bxc6 bxc6 18. exd4 Re6 19. Rf5 Qg3 20. Qf3 Rg6
21. Rf1 f6 22. Qxg3 Rxg3 23. R1f3 Rg6 24. Kf2 Kf7 25. Ra5 Ra8 26. Rff5 Rg5 27.
Rxg5 hxg5 28. Ra6 c5 29. dxc5 Ke6 30. cxd6 cxd6 31. Rc6 Rf8 32. Rc7 Rf7 33. Rxf7
Kxf7 34. g4 Ke6 35. Kf3 g6 36. d4 d5 37. b3 Kd6 38. c4 f5 39. exf5 gxf5 40. gxf5
dxc4 41. bxc4 a5 42. c5+ Kd5 43. f6 1-0

[Event "Challenge"]
[Site "http://www.queenalice.com/game.php?id=917844"]
[Date "2011.3.26"]
[Round "-"]
[White "Koitim"]
[Black "Andrei_78"]
[Result "1-0"]
[WhiteElo "1804"]
[BlackElo "1748"]

1. e4 e5 2. Nf3 d6 3. Nc3 h6 4. Bc4 Qe7 5. d4 Bg4 6. Be3 exd4 7. Bxd4 Nd7 8. O-O
Ngf6 9. Be2 c5 10. Bxf6 Qxf6 11. Nd5 Qd8 12. Nd2 Bxe2 13. Qxe2 Be7 14. Nc4 O-O
15. Rad1 Nb6 16. Nxe7+ Qxe7 17. Nxd6 Rad8 18. Nf5 Qe5 19. b3 Nc8 20. h3 Rfe8 21.
c4 Qxe4 22. Qxe4 Rxe4 23. Rxd8+ Kh7 24. Rxc8 g6 25. Ne3 Re7 26. Rxc5 b6 27. Rd5
h5 28. Rfd1 Kg7 29. Rd7 Rxd7 30. Rxd7 a5 31. f4 Kf6 32. Kf2 Ke6 33. Rd5 f5 34.
Ke2 Ke7 35. Kd3 Ke6 36. Kd4 h4 37. a3 a4 38. b4 b5 39. c5 1-0

[Event "Challenge"]
[Site "http://www.queenalice.com/game.php?id=920195"]
[Date "2011.3.31"]
[Round "-"]
[White "Andrei_78"]
[Black "Koitim"]
[Result "0-1"]
[WhiteElo "1710"]
[BlackElo "1863"]

1. e4 e5 2. Nf3 Nc6 3. a3 Nf6 4. Bd3 d6 5. Bb5 Bd7 6. O-O a6 7. Bxc6 Bxc6 8. d3
Be7 9. Bg5 O-O 10. h3 Nh5 11. Bxe7 Qxe7 12. Nh2 Nf4 13. Nf3 Qe6 14. Nc3 Qg6 15.
g3 Nxh3+ 16. Kg2 Nf4+ 17. Kh2 Qh5+ 18. Kg1 Ng6 19. Nh2 Qxd1 20. Raxd1 f5 21.
exf5 Rxf5 22. Rde1 Rg5 23. Ne4 Rf5 24. c4 Raf8 25. b4 Bxe4 26. Rxe4 Ne7 27. Ng4
h5 28. Ne3 Rf3 29. Kg2 g6 30. c5 Kg7 31. a4 R3f6 32. Rh4 Nf5 33. Nxf5+ Rxf5 34.
cxd6 cxd6 35. f3 R8f7 36. a5 Kh6 37. f4 g5 38. g4 gxh4 39. gxf5 Rxf5 40. fxe5
Rxf1 41. Kxf1 dxe5 42. Kf2 Kg5 43. Kf3 Kf5 44. Kg2 Kg4 45. Kh2 Kf3 46. Kh3 Ke3
47. Kxh4 Kxd3 48. Kxh5 e4 49. Kg4 Kd2 50. b5 axb5 51. Kf4 e3 0-1

[Event "Challenge"]
[Site "http://www.queenalice.com/game.php?id=920791"]
[Date "2011.4.2"]
[Round "-"]
[White "gramory"]
[Black "Koitim"]
[Result "0-1"]
[WhiteElo "1720"]
[BlackElo "1850"]

1. e4 e5 2. Nf3 Nc6 3. Nc3 Nf6 4. Bc4 Be7 5. O-O O-O 6. d4 d6 7. h3 b6 8. Be3
Bb7 9. Ng5 h6 10. Nxf7 Rxf7 11. Bxf7+ Kxf7 12. d5 Na5 13. Qe2 Bc8 14. f3 Nh5 15.
Bf2 Bh4 16. b4 Nb7 17. Qe1 Bxf2+ 18. Qxf2 Nf4 19. h4 Bh3 20. Kh2 Bxg2 21. Rg1
Nh3 22. Qxg2 Nxg1 23. Rxg1 Qxh4+ 24. Qh3 Qxh3+ 25. Kxh3 a6 26. Rg4 Rf8 27. f4
exf4 28. Rxf4+ Ke7 29. Ne2 Rxf4 30. Nxf4 Nd8 31. Kg4 Kf7 32. Kh5 Kf6 33. Nd3 Nf7
34. Nf2 g6+ 35. Kh4 Ne5 36. Ng4+ Nxg4 37. Kxg4 Ke5 0-1

[Event "Challenge"]
[Site "http://www.queenalice.com/game.php?id=923628"]
[Date "2011.4.8"]
[Round "-"]
[White "Andrei_78"]
[Black "Koitim"]
[Result "0-1"]
[WhiteElo "1710"]
[BlackElo "1847"]

1. e4 e5 2. Nf3 Nc6 3. Bb5 a6 4. Bxc6 dxc6 5. Nxe5 Qe7 6. d4 f6 7. Nf3 Qxe4+ 8.
Be3 Bg4 9. Nc3 Bb4 10. a3 Bxc3+ 11. bxc3 Bxf3 12. gxf3 Qf5 13. O-O O-O-O 14. Kh1
Ne7 15. Rg1 Ng6 16. f4 Qe4+ 17. Rg2 Nh4 18. Qg1 Nxg2 19. Qxg2 Qxg2+ 20. Kxg2
Rhe8 21. Kg3 Rd5 22. Rb1 Ra5 23. Bc1 Re1 24. Kg2 Ra4 25. f3 Re2+ 26. Kg3 Rxc2
27. Bb2 Ra5 28. h4 Rb5 29. Re1 Rbxb2 30. Re7 Rh2 31. f5 Rbg2+ 32. Kf4 Rxh4+ 33.
Ke3 Rh1 34. Kf4 Rgg1 35. c4 Rh4+ 36. Ke3 Re1+ 37. Kf2 Rxe7 38. Kg3 Rh5 39. Kg4
g6 40. fxg6 hxg6 41. d5 Rf5 42. dxc6 Re1 43. cxb7+ Kxb7 44. c5 Rg1+ 0-1

[Event "Challenge"]
[Site "http://www.queenalice.com/game.php?id=924942"]
[Date "2011.4.12"]
[Round "-"]
[White "piemme"]
[Black "Koitim"]
[Result "0-1"]
[WhiteElo "1707"]
[BlackElo "1828"]

1. e4 e5 2. Bc4 Nf6 3. d3 d6 4. Nf3 Be7 5. Ng5 O-O 6. Bxf7+ Rxf7 7. Nxf7 Kxf7 8.
Bg5 Be6 9. O-O Kg8 10. Nd2 Nfd7 11. Bxe7 Qxe7 12. c4 Nc6 13. Qb3 Nc5 14. Qd1
Nxd3 15. b3 Nd4 16. Nf3 Nxf3+ 17. Qxf3 Nf4 18. Qg3 Ne2+ 19. Kh1 Nxg3+ 20. fxg3
Rf8 21. Rg1 Rf2 22. a4 Qf6 23. h4 Bg4 24. b4 Be2 25. Rac1 Rf1 26. Rgxf1 Qxf1+
27. Rxf1 Bxf1 28. b5 Bxc4 29. Kg1 Bd3 30. Kf2 Bxe4 31. Kf1 Bc2 32. a5 e4 33. Kf2
d5 34. Ke3 c5 35. Kd2 Ba4 36. b6 axb6 37. axb6 d4 0-1

[Event "Challenge"]
[Site "http://www.queenalice.com/game.php?id=924943"]
[Date "2011.4.12"]
[Round "-"]
[White "Koitim"]
[Black "piemme"]
[Result "1-0"]
[WhiteElo "1780"]
[BlackElo "1696"]

1. e4 e5 2. Nf3 d6 3. Nc3 Nf6 4. Bc4 c6 5. d3 a5 6. a3 b5 7. Ba2 b4 8. axb4 axb4
9. Bxf7+ Kxf7 10. Rxa8 Bb7 11. Ra7 Qb6 12. Be3 c5 13. Ra1 bxc3 14. bxc3 Be7 15.
O-O Qb2 16. Qb1 Qxb1 17. Rfxb1 Bc6 18. Ra7 Ng4 19. Bg5 Nf6 20. Nh4 g6 21. Nf3 h6
22. Bxf6 Kxf6 23. Nd2 Ke6 24. Nc4 Bg5 25. Ra3 d5 26. exd5+ Bxd5 27. Rb6+ Bc6 28.
Rab3 Nd7 29. Rxc6+ Kd5 30. Rd6# 1-0

[Event "Challenge"]
[Site "http://www.queenalice.com/game.php?id=930276"]
[Date "2011.4.25"]
[Round "-"]
[White "Pepe_chaves"]
[Black "Koitim"]
[Result "1-0"]
[WhiteElo "1804"]
[BlackElo "1855"]

1. e4 e5 2. Bc4 Nf6 3. d3 Be7 4. Nf3 h6 5. Nxe5 d5 6. exd5 Nxd5 7. Qf3 Be6 8.
Nc3 Bf6 9. Bf4 c6 10. a3 Nxf4 11. Qxf4 Bxc4 12. Nxc4 Bxc3+ 13. bxc3 Qe7+ 14. Ne3
O-O 15. O-O Nd7 16. Rfe1 Rfe8 17. Kf1 Qf6 18. Qxf6 Nxf6 19. Nf5 Rad8 20. c4 Kh7
21. f3 g6 22. Ng3 Kg7 23. Re2 Rxe2 24. Nxe2 Re8 25. a4 Nd7 26. a5 Nc5 27. d4 Ne6
28. c5 Re7 29. c3 Nc7 30. c4 Ne6 31. Rb1 Rd7 32. Rd1 h5 33. h4 f6 34. f4 Kf7 35.
Kf2 f5 36. Kf3 Kf6 37. Ke3 Re7 38. Kd3 Rd7 39. Kc3 Kf7 40. Kb4 a6 41. g3 Ke8 42.
d5 Nd8 43. d6 Nf7 44. Nd4 Nd8 45. Re1+ Kf8 46. Nf3 Nf7 47. Ne5 Nxe5 48. fxe5 Ke8
49. e6 Rg7 50. Kc3 g5 51. Kd4 gxh4 52. gxh4 Rg4+ 53. Ke5 Rxh4 54. Kf6 1-0

[Event "Challenge"]
[Site "http://www.queenalice.com/game.php?id=940079"]
[Date "2011.5.19"]
[Round "-"]
[White "Koitim"]
[Black "MIngu"]
[Result "0-1"]
[WhiteElo "1878"]
[BlackElo "1857"]

1. e4 d5 2. e5 c5 3. c3 Nc6 4. d4 Bf5 5. Be3 Qb6 6. b3 cxd4 7. cxd4 Nb4 8. Na3
Qa5 9. Bd2 Qxa3 10. Bxb4 Qxb4+ 11. Qd2 e6 12. a3 Qxb3 0-1

[Event "Challenge"]
[Site "http://www.queenalice.com/game.php?id=941010"]
[Date "2011.5.21"]
[Round "-"]
[White "MIngu"]
[Black "Koitim"]
[Result "1-0"]
[WhiteElo "2046"]
[BlackElo "1846"]

1. d4 Nf6 2. c4 g6 3. Nc3 Bg7 4. e4 d6 5. Nf3 O-O 6. Be2 Bg4 7. Be3 Nbd7 8. h3
Bxf3 9. Bxf3 e5 10. d5 a6 11. a3 b6 12. b4 h6 13. Qd2 Nh7 14. Be2 f5 15. Bxh6
fxe4 16. Bg4 Ndf6 17. Be6+ Kh8 18. Be3 Nh5 19. g3 Bf6 20. Nxe4 g5 21. h4 g4 22.
Bxg4 Qe8 23. Qe2 Ng7 24. h5 Qe7 25. h6 Ne8 26. Rh5 Rg8 27. Be6 Rg6 28. O-O-O Bg5
29. f4 exf4 30. gxf4 Bxh6 31. f5 Bxe3+ 32. Qxe3 Rg4 33. Qc3+ Qg7 34. Rxh7+ 1-0

[Event "Challenge"]
[Site "http://www.queenalice.com/game.php?id=951639"]
[Date "2011.6.19"]
[Round "-"]
[White "Kingkila"]
[Black "Koitim"]
[Result "1-0"]
[WhiteElo "1905"]
[BlackElo "1862"]

1. c4 Nf6 2. Nc3 g6 3. d4 Bg7 4. Bf4 d6 5. e4 O-O 6. Bd3 e6 7. Nge2 Nbd7 8. Qd2
c5 9. Bxd6 Re8 10. Nb5 Nb6 11. dxc5 Nbd7 12. Nc7 1-0

[Event "Bategoll_38"]
[Site "http://www.queenalice.com/game.php?id=1365822"]
[Date "2015.6.16"]
[Round "-"]
[White "Koitim"]
[Black "Bategoll"]
[Result "1-0"]
[WhiteElo "1817"]
[BlackElo "1754"]

1. e4 e5 2. Nf3 Nc6 3. Bc4 d6 4. Nc3 Nf6 5. d4 Bg4 6. d5 Bxf3 7. Qxf3 Nd4 8. Qd3
a6 9. a3 Be7 10. Be3 O-O 11. Bxd4 exd4 12. Qxd4 Re8 13. f3 Nh5 14. g3 Bg5 15.
O-O b5 16. Be2 Bf6 17. Qe3 g6 18. Rae1 Qd7 19. Nd1 Qh3 20. Nf2 Qd7 21. c3 Bd8
22. Ng4 c5 23. Kg2 c4 24. Bd1 Qb7 25. Qd2 Qe7 26. Qd4 Rb8 27. Nh6+ 1-0